Statistics for Random Knowledge Quiz #31

Click here to take the quiz!

General Stats

  • This quiz has been taken 72 times
  • The average score is 8 of 15

Answer Stats

QuestionAnswer% Correct
According to myth, at the end of what can you find a pot of gold?Rainbow
95%
In the fable, which animal beat the hare in a running race?Tortoise
86%
What is Garfield's favorite food?Lasagna
73%
How long is a marathon?42,195 km
71%
Where did Mark Zuckerberg go to college before dropping out?Harvard University
70%
Which actress has children named Maddox, Pax, Zahara, Shiloh, Vivienne, and Knox?Angelina Jolie
66%
There is a town called Hell and it literally freezes over every winter. In which country is it located?Norway
61%
What is zucchini called in England?Courgette
48%
What is the leading cause of climate change?Fossil fuels
45%
What is Julian Assange the founder of?Wikileaks
45%
Finish these lyrics: Everywhere I'm lookin' now / I'm surrounded by your embrace / Baby, I can see your halo / You know you're my...Saving grace
34%
What is the practice of incorporating seafood into an otherwise vegetarian diet?Pescetarianism
29%
What is the biggest fish in the world?Whale shark
27%
By number of items, what is the biggest library in the world?Library of Congress, USA
21%
During certain times of the year, the sun stays below horizon for over 24 hours in the northernmost and southernmost regions of Earth. What is this phenomenon called?Polar night
11%

Score Distribution

Percentile by Number Answered

Percent of People with Each Score

Your Score History

You have not taken this quiz